Harry Potter Logic Quiz Stats

 Plays Quiz not verified by Sporcle

Challenge
Share
Tweet
Embed
Score 0/35 Timer 07:00
0 Plays Today
Hint Answer % Correct
Harry Potter???
100%
Minerva McGonagall???
98.9%
Fred Weasley???
98.5%
Molly Weasley???
98.3%
Arthur Weasley???
98.3%
Ginny Weasley???
98.1%
George Weasley???
98.1%
Ron Weasley???
98%
Dolores Umbridge???
98%
Remus Lupin???
98%
Severus Snape???
97.9%
Albus Dumbledore???
97.3%
Nearly Headless Nick???
97.2%
Peeves???
97.2%
Rubeus Hagrid???
97.1%
Hermione Granger???
97%
Neville Longbottom???
96.8%
Lavender Brown???
96.8%
Hint Answer % Correct
Sirius Black???
96.6%
Hedwig???
96.5%
Moaning Myrtle???
96.5%
Dobby???
96.5%
Bellatrix Lestrange???
96.4%
Peter Pettigrew???
96.2%
Lee Jordan???
96%
Dean Thomas???
96%
Nymphadora Tonks???
95.5%
Seamus Finnigan???
95.3%
Lucius Malfoy???
93.7%
Pansy Parkinson???
93.4%
Draco Malfoy???
93.3%
Cho Chang???
92.7%
Cedric Diggory???
92.6%
Luna Lovegood???
88.9%
Lord Voldemort/Tom Riddle???
87.1%

You're not logged in!

Compare scores with friends on all Sporcle quizzes.
OR
Log In

You Might Also Like...

Show Comments

Extras

Created Apr 25, 2015ReportNominate
Tags:Harry Potter Quiz

Top Quizzes Today


Score Distribution

Your Account Isn't Verified!

In order to create a playlist on Sporcle, you need to verify the email address you used during registration. Go to your Sporcle Settings to finish the process.

Report this User

Report this user for behavior that violates our Community Guidelines.

Details: